00489nam a2200181 a 4500001001300000003000900013005001700022008004100039020001000080082001400090100002200104245003000126260006200156300000900218500003500227650002300262700002200285nice12345678IN_TiNIC20260116014313.0070403s0000 easa grp 000 0 eng  ac20000a297bISL2 aIslamic Society,  aBasic Principles of Islam aEast Plainfield bIslamic Society of North America c0000 a237p aincludes index and biblioraphy aIslam-Meccan Trade1 aIslamic Society,